|
|
|
|
| LEADER |
04097nam a22004214a 4500 |
| 001 |
44434 |
| 003 |
BD-DhAAL |
| 005 |
20250430113751.0 |
| 008 |
250430r20182011ii a b 001 0 eng |
| 010 |
|
|
|a 2002027448
|
| 020 |
|
|
|a 9788126538393
|
| 040 |
|
|
|a DLC
|c DLC
|d DLC
|d BD-DhAAL
|
| 042 |
|
|
|a pcc
|
| 050 |
0 |
0 |
|a TD192.5
|b .E97 2003
|
| 082 |
0 |
0 |
|a 628.5
|2 21
|
| 100 |
1 |
|
|a Evans, Gareth
|q (Gareth M.)
|9 57866
|
| 245 |
1 |
0 |
|a Environmental biotechnology :
|b theory and application /
|c Gareth M. Evans, Judith C. Furlong.
|
| 250 |
|
|
|a Second edition.
|
| 260 |
|
|
|a West Sussex, England ;
|a India ;
|b Wiley India Pvt.,
|c c2011 [reprint 2018].
|
| 300 |
|
|
|a xii, 275 pages :
|b illustrations ;
|c 24 cm
|
| 504 |
|
|
|a Includes bibliographical references (p. [279]-280) and index.
|
| 526 |
|
|
|a MNS
|x Dr. Munima Haque
Associate professor
Faculty member of Mathematics and Natural Sciences (MNS).
Course name and no.: Environmental Biotechnology (BTE304)
|
| 541 |
|
|
|a Book Finder International
|e 3010044425, 44426, 44427, 44428, 44429, 44430, 44431, 44432, 44433, 444345
|
| 650 |
|
0 |
|a Bioremediation.
|9 38556
|
| 700 |
1 |
|
|a Furlong, Judith C.
|9 57867
|
| 856 |
4 |
1 |
|3 Table of contents
|u http://www.loc.gov/catdir/toc/wiley031/2002027448.html
|
| 942 |
|
|
|2 ddc
|c BK
|
| 999 |
|
|
|c 47246
|d 47246
|
| 952 |
|
|
|0 0
|1 0
|2 ddc
|4 0
|6 628_500000000000000_EVA
|7 0
|9 77673
|a BRACUL
|b BRACUL
|c GEN
|d 2025-04-28
|e Book Finder International
|g 1353.00
|l 0
|o 628.5 EVA
|p 3010044428
|r 2025-04-28
|t 4
|v 1353.00
|w 2025-04-28
|y BK
|x Requisitioned by Dr. Munima Haque for the course named Environmental Biotechnology (BTE304)
|
| 952 |
|
|
|0 0
|1 0
|2 ddc
|4 0
|6 628_500000000000000_EVA
|7 0
|9 77674
|a BRACUL
|b BRACUL
|c GEN
|d 2025-04-28
|e Book Finder International
|g 1353.00
|l 0
|o 628.5 EVA
|p 3010044431
|r 2025-04-28
|t 7
|v 1353.00
|w 2025-04-28
|y BK
|x Requisitioned by Dr. Munima Haque for the course named Environmental Biotechnology (BTE304)
|
| 952 |
|
|
|0 0
|1 0
|2 ddc
|4 0
|6 628_500000000000000_EVA
|7 0
|9 77675
|a BRACUL
|b BRACUL
|c GEN
|d 2025-04-28
|e Book Finder International
|g 1353.00
|l 0
|o 628.5 EVA
|p 3010044426
|r 2025-04-28
|t 2
|v 1353.00
|w 2025-04-28
|y BK
|x Requisitioned by Dr. Munima Haque for the course named Environmental Biotechnology (BTE304)
|
| 952 |
|
|
|0 0
|1 0
|2 ddc
|4 0
|6 628_500000000000000_EVA
|7 0
|9 77676
|a BRACUL
|b BRACUL
|c GEN
|d 2025-04-28
|e Book Finder International
|g 1353.00
|l 0
|o 628.5 EVA
|p 3010044425
|r 2025-04-28
|t 1
|v 1353.00
|w 2025-04-28
|y BK
|x Requisitioned by Dr. Munima Haque for the course named Environmental Biotechnology (BTE304)
|
| 952 |
|
|
|0 0
|1 0
|2 ddc
|4 0
|6 628_500000000000000_EVA
|7 0
|9 77677
|a BRACUL
|b BRACUL
|c GEN
|d 2025-04-28
|e Book Finder International
|g 1353.00
|l 0
|o 628.5 EVA
|p 3010044434
|r 2025-04-28
|t 10
|v 1353.00
|w 2025-04-28
|y BK
|x Requisitioned by Dr. Munima Haque for the course named Environmental Biotechnology (BTE304)
|
| 952 |
|
|
|0 0
|1 0
|2 ddc
|4 0
|6 628_500000000000000_EVA
|7 0
|9 77678
|a BRACUL
|b BRACUL
|c GEN
|d 2025-04-28
|e Book Finder International
|g 1353.00
|l 0
|o 628.5 EVA
|p 3010044432
|r 2025-04-28
|t 8
|v 1353.00
|w 2025-04-28
|y BK
|x Requisitioned by Dr. Munima Haque for the course named Environmental Biotechnology (BTE304)
|
| 952 |
|
|
|0 0
|1 0
|2 ddc
|4 0
|6 628_500000000000000_EVA
|7 0
|9 77679
|a BRACUL
|b BRACUL
|c GEN
|d 2025-04-28
|e Book Finder International
|g 1353.00
|l 0
|o 628.5 EVA
|p 3010044433
|r 2025-04-28
|t 9
|v 1353.00
|w 2025-04-28
|y BK
|x Requisitioned by Dr. Munima Haque for the course named Environmental Biotechnology (BTE304)
|
| 952 |
|
|
|0 0
|1 0
|2 ddc
|4 0
|6 628_500000000000000_EVA
|7 0
|9 77680
|a BRACUL
|b BRACUL
|c GEN
|d 2025-04-28
|e Book Finder International
|g 1353.00
|l 0
|o 628.5 EVA
|p 3010044427
|r 2025-04-28
|t 3
|v 1353.00
|w 2025-04-28
|y BK
|
| 952 |
|
|
|0 0
|1 0
|2 ddc
|4 0
|6 628_500000000000000_EVA
|7 0
|9 77681
|a BRACUL
|b BRACUL
|c GEN
|d 2025-04-28
|e Book Finder International
|g 1353.00
|l 0
|o 628.5 EVA
|p 3010044429
|r 2025-04-28
|t 5
|v 1353.00
|w 2025-04-28
|y BK
|x Requisitioned by Dr. Munima Haque for the course named Environmental Biotechnology (BTE304)
|
| 952 |
|
|
|0 0
|1 0
|2 ddc
|4 0
|6 628_500000000000000_EVA
|7 0
|9 77682
|a BRACUL
|b BRACUL
|c GEN
|d 2025-04-28
|e Book Finder International
|g 1353.00
|l 0
|o 628.5 EVA
|p 3010044430
|r 2025-04-28
|t 6
|v 1353.00
|w 2025-04-28
|y BK
|x Requisitioned by Dr. Munima Haque for the course named Environmental Biotechnology (BTE304)
|